| 000 | 00500pab a2200193 454500 | ||
|---|---|---|---|
| 008 | 180718b2006 xxu||||| |||| 00| 0 eng d | ||
| 100 | _aBarry, Jim | ||
| 245 | _aAcademic shape shifting: gender, management and identities in Sweden and England | ||
| 260 | _c2006 | ||
| 300 | _ap.275-98. | ||
| 362 | _aMar | ||
| 650 | _aManagement | ||
| 650 | _aPublic administration | ||
| 650 | _aWomen | ||
| 700 | _aChandler, John | ||
| 700 | _aBerg, Elisabeth | ||
| 773 | _aOrganizations | ||
| 909 | _a69251 | ||
| 999 |
_c69251 _d69251 |
||